| 000 | 01158nam a2200313 i 4500 | ||
|---|---|---|---|
| 001 | 200464515 | ||
| 003 | TR-AnTOB | ||
| 005 | 20250530152527.0 | ||
| 007 | ta | ||
| 008 | 250530s1987 bosa|||| |||| 000 0 bos d | ||
| 040 |
_aTR-AnTOB _beng _erda _cTR-AnTOB |
||
| 041 | 0 | _abos | |
| 050 | 1 | _aBF1727.5 | |
| 090 |
_aBF1727.5 _b.A83 1987 |
||
| 100 | 1 |
_aAubier, Catherine _eauthor _9148893 |
|
| 245 | 1 | 0 |
_aŠkorpija : _b22 Oktobar- 21 Novembar horoskop do 2000 / _cCatherine Aubier. |
| 246 | 3 | 0 | _aSkorpija. |
| 264 | 1 |
_aBeograd : _bSloboda, _c1987. |
|
| 300 |
_a88 pages : _billustrations ; _c21 cm |
||
| 336 |
_atext _btxt _2rdacontent |
||
| 337 |
_aunmediated _bn _2rdamedia |
||
| 338 |
_avolume _bnc _2rdacarrier |
||
| 500 | _aHOROSKOP DO 2000. Recenzent MILOŠ JANKOVIĆ Urednik MILOŠ BLEČIĆ Korektor Slavica Simić. Tehn. urednik Vladislav Milovanović Izdavači SLOBO-DA, Beograd, Vojvode Stepe 315 i ARION, Zemun, Cara Dušana 49 Tiraž 5000 Godina 1987. Štampa GRO „DIMITRIJE DAVIDOVIĆ" Smederevo | ||
| 650 | 0 |
_aAstrology _9120908 |
|
| 653 | _aZodiac | ||
| 653 | _aScorpio (Astrology) | ||
| 942 |
_2lcc _cBK |
||
| 999 |
_c200464515 _d82727 |
||